01170nam a2200301Ia 4500001001200000003000800012006001900020007001500039008004100054020001500095040002100110035002000131050002500151082002100176100001900197245008300216260004100299300001700340490003000357504005100387533015200438650002100590650003600611655002900647710001700676830004900693856012600742ebr10070364CaPaEBRm u cr cn|||||||||040301s2005 dcu sb 001 0 eng d z0821357166 aCaPaEBRcCaPaEBR a(OCoLC)5722794714aHG185.B7bK85 2005eb04a332.1/7/09812221 aKumar, Anjali.10aAccess to financial services in Brazilh[electronic resource] /cAnjali Kumar. aWashington, DC :bWorld Bank,c2005. alxii, 619 p.1 aDirections in development aIncludes bibliographical references and index. aElectronic reproduction.bPalo Alto, Calif. :cebrary,d2009.nAvailable via World Wide Web.nAccess may be limited to ebrary affiliated libraries. 0aFinancezBrazil. 0aFinancial institutionszBrazil. 7aElectronic books.2local2 aebrary, Inc. 0aDirections in development (Washington, D.C.)40uhttp://site.ebrary.com/lib/rucke/Doc?id=10070364zAn electronic book accessible through the World Wide Web; click to view